Labor Leaders in the USA - Statistics

General Stats
  • This quiz has been taken 28 times
  • The average score is 6 of 11
Answers on the Grid
Answers color-coded by a green-red scale on the quiz's grid according to % correct below.
César Chávez
Eugene Debs
Elon Musk
Pinkerton
Thomas Reilly Donahue
Samuel Gompers
John L. Lewis
Mother Jones
Mother Hubbard
Joe Hill
Lane Kirkland
A. Philip Randolph
Donald Trump
Newt Gingrich
George Meany
Peter J. McGuire
 
Answer Stats
Answer % Correct
César Chávez
90%
Thomas Reilly Donahue
65%
Eugene Debs
60%
Samuel Gompers
60%
John L. Lewis
55%
A. Philip Randolph
50%
Mother Jones
50%
Joe Hill
40%
Lane Kirkland
40%
Peter J. McGuire
40%
George Meany
35%
No matching quizzes found
Score Distribution
Percent of People with Each Score
Percentile by Number Answered
Your Score History
You have not taken this quiz